Top 20 najszczęśliwszych państw świata - Statystyki

Ogólne statystyki
  • Ten quiz został rozwiązany 41 razy
  • Średni wynik to 14 z 20
Statystyki odpowiedzi
Pozycja Ocena Odpowiedź % Poprawnych
1. 7.741 Finlandia
92%
15. 6.900 Kanada
92%
7. 7.302 Norwegia
89%
4. 7.344 Szwecja
89%
10. 7.057 Australia
81%
2. 7.583 Dania
81%
6. 7.319 Holandia
81%
3. 7.525 Islandia
78%
9. 7.060 Szwajcaria
78%
16. 6.894 Belgia
76%
17. 6.838 Irlandia
70%
18. 6.822 Czechy
68%
8. 7.122 Luksemburg
68%
11. 7.029 Nowa Zelandia
68%
14. 6.905 Austria
65%
20. 6.749 Wielka Brytania
65%
19. 6.818 Litwa
46%
5. 7.341 Izrael
35%
13. 6.951 Kuwejt
16%
12. 6.955 Kostaryka
14%
Nie znaleziono quizów pasujących do podanych kryteriów
Rozkład punktacji
Procent ludzi z każdym wynikiem
Percentyl według liczby udzielonych odpowiedzi
Twoja historia wyników
Nie rozwiązałeś tego quizu